Industry must measure up or face regulation (Record no. 78545)

MARC details
000 -LEADER
fixed length control field 01004cab a22002055a 4500
001 - CONTROL NUMBER
control field L137088
008 - FIXED-LENGTH DATA ELEMENTS--GENERAL INFORMATION
fixed length control field 070314e2007 xxk 000 0 eng d
035 ## - SYSTEM CONTROL NUMBER
System control number (Sirsi) u137088
041 0# - LANGUAGE CODE
Language code of text/sound track or separate title eng
100 1# - MAIN ENTRY--PERSONAL NAME
Personal name Le Poidevin, Jackie
245 00 - TITLE STATEMENT
Title Industry must measure up or face regulation
260 ## - PUBLICATION, DISTRIBUTION, ETC.
Date of publication, distribution, etc. 2007
490 #0 - SERIES STATEMENT
Series statement Facilities Management
Volume/sequential designation 14(6) March 2007, 10-12(3)
520 ## - SUMMARY, ETC.
Summary, etc. Discusses how commercial property landlords' and managing agents' are meeting the best-practice guidelines on service charges as set out in the RICS code of practice 'Service Charges in Commercial Property' (L133990 ). Discusses the Loughborough University Service Charge Study (L136658) which concludes that the industry is a long way from best practice.
590 ## - LOCAL NOTE (RLIN)
Local note KA
650 24 - SUBJECT ADDED ENTRY--TOPICAL TERM
Topical term or geographic name entry element RICS CODE OF PRACTICE ON SERVICE CHARGES
651 #4 - SUBJECT ADDED ENTRY--GEOGRAPHIC NAME
Geographic name England and Wales
Chronological subdivision 1543-
690 ## - LOCAL SUBJECT ADDED ENTRY--TOPICAL TERM (OCLC, RLIN)
Topical term or geographic name as entry element PROPERTY-COMMERCIAL PROPERTY-LEASEHOLD COMMERCIAL PROPERTY-COMMERCIAL LANDLORD AND TENANT-COMMERCIAL SERVICE CHARGES
942 ## - ADDED ENTRY ELEMENTS (KOHA)
Suppress in OPAC 0
Holdings
Withdrawn status Lost status Source of classification or shelving scheme Damaged status Not for loan Home library Current library Shelving location Date acquired Total Checkouts Full call number Barcode Date last seen Copy number Price effective from Koha item type
    Dewey Decimal Classification     London London Journal article 14/03/2007   L137088 137088-1001 06/08/2019 1 06/08/2019 Journal article